000 00380 a2200121 4500
001 ART_18144
005 20260410161657.0
008 260409a
245 1 0 _aLas empresas de construcción y el articulo 74 de la ley de ganancias
100 1 _aBalán, Osvaldo
700 1 _aZilli, Osvaldo M.
773 0 _tPráctica profesional
_g- Nº 147 (ago. 2011)
_wREV542
999 _c14847
_d14847